Exercitii si probleme de algebra combinatorica si teoria numerelor

Αποθηκεύτηκε σε:
Λεπτομέρειες βιβλιογραφικής εγγραφής
Κύριοι συγγραφείς: Popescu, Dragos, Oboroceanu, George (Συγγραφέας)
Μορφή: Βιβλίο
Γλώσσα:Romanian
Δημοσίευση: Bucuresti : Editura didactica si pedagogica, 1979
Θέματα:
Ετικέτες: Προσθήκη ετικέτας
Δεν υπάρχουν, Καταχωρήστε ετικέτα πρώτοι!

MARC

LEADER 00000cam a2200000 a 4500
001 1/108061
008 150821s1979####rm | ||| |||| ||rum||
040 |a GR-MyUa  |b gre  |c GR-MyUa  |e AACR2 
041 0 |a rum 
082 7 |a 512.7   |2 (23) 
100 1 |a Popescu, Dragos. 
245 1 0 |a Exercitii si probleme de algebra combinatorica si teoria numerelor /   |c Dragos Popescu, George Oboroceanu. 
260 |a Bucuresti :   |b Editura didactica si pedagogica,   |c 1979 
300 |a 254 σ. :  
650 0 |a Number theory 
700 1 |a Oboroceanu, George,  |e aut 
852 |a INST  |b SAMOS  |c MAG  |e 20150821  |h 512.7 POP  |p 005300035050  |q 005300035050  |t BK  |v τομ.1:  |y 0 
853 |a INST  |b SAMOS  |c MAG  |h 512.7 POP 
970 |a Σιτζίμη  |b Γιασεμή  |z 21/08/2015